The Health and Safety (Fees) Regulations 2005 (Record no. 104223)

MARC details
000 -LEADER
fixed length control field 00925cam a2200205 4500
001 - CONTROL NUMBER
control field L129529
008 - FIXED-LENGTH DATA ELEMENTS--GENERAL INFORMATION
fixed length control field 110922n2005 000 0 eng u
020 ## - INTERNATIONAL STANDARD BOOK NUMBER
International Standard Book Number 0110725387
035 ## - SYSTEM CONTROL NUMBER
System control number (Sirsi) u129529
041 ## - LANGUAGE CODE
Language code of text/sound track or separate title eng
245 #4 - TITLE STATEMENT
Title The Health and Safety (Fees) Regulations 2005
260 ## - PUBLICATION, DISTRIBUTION, ETC.
Place of publication, distribution, etc. London
Name of publisher, distributor, etc. HMSO
Date of publication, distribution, etc. 2005
490 ## - SERIES STATEMENT
Series statement SI
Volume/sequential designation 2005: 676
520 ## - SUMMARY, ETC.
Summary, etc. Came into force 6 April 2005. Update and replace the Health and Safety (Fees) Regulations 2004. Fix or determine the fees payable by an applicant to the HSE (in most cases) in respect of an application made for various approvals and licences. See explanatory note for full details.
590 ## - LOCAL NOTE (RLIN)
Local note IKA290405
650 ## - SUBJECT ADDED ENTRY--TOPICAL TERM
Topical term or geographic name entry element HEALTH AND SAFETY (FEES) REGULATIONS 2005
690 ## - LOCAL SUBJECT ADDED ENTRY--TOPICAL TERM (OCLC, RLIN)
Topical term or geographic name as entry element MANAGEMENT-HEALTH AND SAFETY
856 ## - ELECTRONIC LOCATION AND ACCESS
Uniform Resource Identifier <a href="https://www.legislation.gov.uk/uksi/2005/676/pdfs/uksi_20050676_en.pdf">https://www.legislation.gov.uk/uksi/2005/676/pdfs/uksi_20050676_en.pdf</a>
Public note View this item free of charge at www.legislation.gov.uk
942 ## - ADDED ENTRY ELEMENTS (KOHA)
Suppress in OPAC 0
Holdings
Withdrawn status Lost status Source of classification or shelving scheme Damaged status Not for loan Home library Current library Shelving location Date acquired Total Checkouts Full call number Barcode Date last seen Copy number Price effective from Koha item type
    Dewey Decimal Classification     Virtual Virtual Online 27/04/2005   ONLINE PUBLICATION 129529-2001 06/08/2019 1 06/08/2019 Book